000 00779nam a2200253Ia 4500
003 OSt
005 20220925220454.0
006 a|||||r|||| 00| 0
007 ta
008 220923b |||||||| |||| 00| 0 eng d
037 _cGeneral Book
040 _aRTL
_cRTL
_beng
041 _2eng
_aeng
082 _aX:191.3.N8, M2/TD
100 _aBlack John
_9279695
245 0 _aInternational capital movements
260 _aLondon
_bMacMillan
_c1982
300 _axviii, 246p
_ccm.
490 _aInternational Economics study Group annual conference (5th), Papers
650 _aCapital Formation
700 _a Dunning John H Ed.
_9255726
942 _hX:191.3.N8, M2/TD
_cGB
_2CC
999 _c571588
_d571588